Top 54 Vornamen der 60er Jahre - Statistiken

Allgemein
  • Dieses Quiz wurde 72 mal gespielt
  • Das Durchschnittsergebnis liegt bei 21 aus 54
Antwortstatistiken
📍 Vorname % Korrekt
Di.t.r ♂️ Dieter
67%
A.d..a ♀️ Andrea
65%
Ch.i.t..n ♂️ Christian
63%
Th.m.s ♂️ Thomas
63%
A.d.e.s ♂️ Andreas
61%
St.f.n ♂️ Stefan
59%
B.r.d ♂️ Bernd
57%
Je.s ♂️ Jens
53%
M.c.a.l ♂️ Michael
53%
U.e ♂️ Uwe
53%
F.a.k ♂️ Frank
51%
We.n.r ♂️ Werner
49%
Al..a.d.r ♂️ Alexander
47%
Ol.f ♂️ Olaf
47%
S.b..e ♀️ Sabine
47%
K.y ♂️ Kay
45%
Ch.i.t..e ♀️ Christine
43%
P.t.a ♀️ Petra
43%
U.e ♀️ Ute
43%
Bi.g.t ♀️ Birgit
41%
Di.k ♂️ Dirk
41%
M.t..i.s ♂️ Matthias
41%
No.b..t ♂️ Norbert
41%
St.f.n.e ♀️ Stefanie
41%
C.a.d.a ♀️ Claudia
39%
G.b..e.e ♀️ Gabriele
39%
S.s.n.e ♀️ Susanne
39%
An.t.e ♀️ Anette
37%
Ax.l ♂️ Axel
37%
Ba.b..a ♀️ Barbara
37%
Ma.f..d ♂️ Manfred
37%
H.i.e ♀️ Heike
35%
J.a.h.m ♂️ Joachim
35%
Ka.r.n ♀️ Katrin
35%
U.r..e ♀️ Ulrike
35%
B.a.e ♀️ Beate
33%
An.a ♀️ Anja
31%
Br.t.a ♀️ Britta
31%
Ma.t..a ♀️ Martina
31%
Sy.v.a ♀️ Sylvia
31%
A.g..a ♀️ Angela
29%
Da.m.r ♀️ Dagmar
29%
R.l.h ♂️ Ralph
29%
Ke.s..n ♀️ Kerstin
27%
An.e ♀️ Anke
24%
S.l.e ♀️ Silke
24%
To.s..n ♂️ Torsten
24%
B.t.i.a ♀️ Bettina
22%
M.n.e.a ♀️ Manuela
22%
M.r..n ♀️ Marion
22%
M.n..a ♀️ Monika
22%
Vo.k.r ♂️ Volker
22%
A.t..d ♀️ Astrid
20%
Co.n.l.a ♀️ Cornelia
20%
Keine übereinstimmenden Quizze gefunden
Verteilung der Resultate
Anzahl Personen mit jedem Resultat
Perzentil nach korrekt beantworteten Fragen
Ihre Resultats-Entwicklung
Sie haben dieses Quiz noch nicht gespielt